000 00418nam a22001697a 4500
003 CEME
005 20210628205140.0
008 210301b xxu||||| |||| 00| 0 eng d
020 _a1-56091-174-3
040 _c.
082 _a629.2-SAE VEH'S
100 _aSae
_95176
245 _aVehicle hydraulic systems and digital electrohydraulic control
260 _aUSA
_bSAE
_c1991
300 _a119P
942 _cBK
_2ddc
999 _c579740
_d579740